000 00650nam a2200241Ia 4500
003 OSt
005 20220924152850.0
006 a|||||r|||| 00| 0
007 ta
008 220923b |||||||| |||| 00| 0 tel d
024 _a345465
037 _cTextual
040 _aARTS
_cARTS
_btel
041 _2tel
_atel
082 _aO35,1wM6, 35J4
100 _aVedamu Venkata Krishna Sharma Au.
_9227687
245 0 _aSataka Vangmaya Sarvaswamu
260 _c1954
300 _a471p.
_ccm.
650 _aTELUGU LITERATURE
942 _hO35,1wM6, 35J4
_cTEXL
_2CC
999 _c471335
_d471335